MDQL
is popping MORE tags! Check the
thread
!
Quizzes
Events
Quiz Creation
Community
Videos
Private Events
Remove Ads
Sign In
Join for FREE
Feedback
Dark Mode
Quiz Categories
Sports
Geography
Music
Movies
Television
Just For Fun
Miscellaneous
History
Literature
Language
Science
Gaming
Entertainment
Religion
Holiday
For Kids
Quiz Lab
Recent
Popular Today
Quiz Kudos Today
Editor Picks
Curator Picks
Quizzes by...
Day
Popularity
Type
Ratings
Length
Year
Community
Subscriptions
Recent Discussions
Orange Saloon
Badges
Playlists
Quests
Create
Leaderboards
Showdown
Live 5
Trivia Bingo
Activity
Puzzle Library
Sporcle Events
Private Events
Virtual Trivia
Globe League
Become a Host
Pub Owners
SporcleCon
Opinionation
Our Games
Videos
Blog
Mobile Apps
Partnerships
Remove Ads and Go Orange
Feedback
Movies
Disney
Marvel Cinematic Universe
Movie Resume
Movie Titles
Oscar
Actor
Actress
Director
Pixar
Role
Movie Quotes
Movie Characters
Box Office
Nominee
Best Picture
Star Wars
James Bond
Horror Movies
Movies
Disney
Marvel Cinematic Universe
Movie Resume
Movie Titles
Oscar
Actor
Actress
Director
Pixar
Role
Movie Quotes
Movie Characters
Box Office
Nominee
Best Picture
Star Wars
James Bond
Horror Movies
Random Quiz
Search Sporcle
×
Quiz Lab
Quiz Lab
Movies
Oscar
Type in answers that appear in a list
Type in answers that appear in a list
Classic
Best Score? Go Orange.
Multiple Real People Disorder IV Stats
Can you name the actors/actresses who have portrayed multiple real people?
By
VikingDevil53
6m
28 Questions
1,430 Plays
1,430 Plays
1,430 Plays
Comments
Comments
Give Quiz Kudos
Give Quiz Kudos
-
- Ratings
hide this ad
Random Order
Randomize order of answers
Randomize order of answers
Replay
Link that replays current quiz
Next Quiz
Link to next quiz in quiz playlist
You Got
0%
They Got
Avg Score
37%
Avg Friend Score
Upgrade to see
Score Distribution
Jump to the score distribution portion of the page
Score
0/28
Timer
06:00
0
Plays Today
Real Life People
Actor
% Correct
June Carter Cash & Cheryl Strayed
Reese Witherspoon
87.2%
William Wallace & Fletcher Christian
Mel Gibson
84.8%
Alan Turing & Julian Assange
Benedict Cumberbatch
73%
Mark Zuckerberg & David Lipsky
Jesse Eisenberg
72.3%
Tonya Harding & Sharon Tate
Margot Robbie
68.8%
Mary Todd Lincoln & Betty Mahmoody
Sally Field
63.9%
Ron Kovic & Claus von Stauffenberg
Tom Cruise
59.2%
Henry Hill & 'Shoeless' Joe Jackson
Ray Liotta
57.2%
Eugene O'Neill & Jimmy Hoffa
Jack Nicholson
55.3%
Laurence Olivier & Henry V
Kenneth Branagh
51.7%
Billie Jean King & Abigail Masham
Emma Stone
51.2%
Antonio Salieri & Bernardo Gui
F. Murray Abraham
48.5%
Ike Turner & Bumpy Johnson
Laurence Fishburne
41.7%
Janet Leigh & Mary Boleyn
Scarlett Johansson
41%
Real Life People
Actor
% Correct
Jane Wilde Hawking & Ruth Bader Ginsburg
Felicity Jones
37%
Solomon Northup & Thabo Mbeki
Chiwetel Ejiofor
36.6%
Richard Nixon & William S. Paley
Frank Langella
35.8%
Thomas Becket & King Henry VIII
Richard Burton
27.7%
Pat Nixon & Elizabeth Proctor
Joan Allen
24.2%
Christine Collins & Mariane Pearl
Angelina Jolie
23%
Douglas MacArthur & Josef Mengele
Gregory Peck
20.6%
Anna Leonowens & Sheilah Graham
Deborah Kerr
17.9%
Della Bea Robinson & Kay Amin
Kerry Washington
17.2%
Vasily Zaytsev & Errol Flynn
Jude Law
16.7%
Che Guevara & David Alfaro Siqueiros
Antonio Banderas
15%
Jim Thorpe & Robert Stroud
Burt Lancaster
15%
Joan of Arc & Gladys Aylward
Ingrid Bergman
14.4%
Gerda Wegener & Caroline Mathilde
Alicia Vikander
9.9%
Quiz Playlist
Details
Report
Send in Message
Add To Playlist
Classic:
Type in answers that appear in a list
Random Order:
Randomize order of answers
Last Updated: Apr 19, 2020
Quiz Scoreboard
CHALLENGE
Sign Up to Join the Scoreboard
Show All
Scores
Hide
Comments
May contain spoilers
Recently Published
5x2 Blitz: Bands
by SL_Kpop136
Music
30s
Colored Red Africa Blitz
by spor1
Geography
30s
Find the 'City' Movie
by crazypaving
Movies
60s
More to Explore
Quiz From the Vault
Featured Blog Post
14 Easter Pick-up Lines to Find Eggs With
hide this ad
You Might Also Like...
Tags
Actor Quiz
Actress Quiz
Oscar Quiz
Disorder
life
multiple
Oscar Nominated
Oscar Winners
Portrayed
Today's Top Quizzes in Movies
Browse Movies
hide this ad
Today's Top Quizzes in Oscar
Browse Oscar
Top Contributed Quizzes in Movies
1
Find The 'Big' Movie
2
Find The 'Blue' Movie
3
Find The 'Wild' Movie
4
Movies By Plot
5
Hidden Star Wars Character II
6
Pick 5 Posters: Directed by Spielberg
7
Hidden Star Wars Character III
8
Hidden Star Wars Character IV
9
25 Best Actor Nominees (1990s)
10
Alfred Hitchcock Movies by Plot
Explore More
Trending Topics
NBA
Crossword
Anime
Kpop
Disney
Harry Potter
Marvel
WWE
The Office
Pokémon
Puzzle
NFL
Song
Soccer
Country
hide this ad
More By:
VikingDevil53
Quiz
Plays
Rating
Category
Featured
Created
Artists Who Hit #1 (2000s)
217,227
4.35
Music
Dec 7, 2009
Multiple Real People Disorder
52,524
4.36
Movies
Jun 15, 2011
Artists Who Hit #1 (2010s)
25,899
4.48
Music
Apr 23, 2020
Nominations in All Acting Categories
18,922
4.27
Movies
Jan 16, 2013
Multiple Real People Disorder III
12,228
4.18
Movies
Jun 17, 2011
Go to Creator's Profile
Score Distribution
Quiz Creator Spotlight
VikingDevil53
Follow
Send a Message
Quizzes Created
-
Created Quiz Play Count
-
More By This Creator
Popular Quizzes Today
1
Colored Red Africa Blitz
2
Find the 'City' Movie
3
Find the US States - No Outlines Minefield
4
5x2 Blitz: Bands
5
The Countries of the World
6
Find the US States
7
Find the Countries of Europe - No Outlines Minefield
8
US States
More Movies Quizzes
Multiple Guess Movies
Published
Trending Quizzes
Colored Red Europe Blitz I
Colored Red Europe Blitz II
Colored Red Africa Blitz II
Colored Red Europe Blitz III
Colored Red Africa Blitz III
Recently Updated
How Do You Spell That?
pecheneg
Godzilla Movies
pecheneg
Grab Bag: 4-10 Letters
pecheneg
2024 March Madness Bracket
pecheneg
Famous TV Couples
Peacemaker
Champions League XIs: Real Madrid
pecheneg
Largest US Cities 1790-2010
pecheneg
Rides in Walt Disney World
pecheneg
Most Oscar Losses (Acting)
pecheneg
Beyoncé Albums
pecheneg
Trending Topics
Anime
Disney
Marvel
Crossword
NBA
Harry Potter
Kpop
Pokémon
Soccer
Country
The Office
WWE
Puzzle
Song
NFL
Your Account Isn't Verified!
In order to create a playlist on Sporcle, you need to verify the email address you used during registration. Go to your
Sporcle Settings
to finish the process.
Report this User
Report this user for behavior that violates our
Community Guidelines
.
Details:
Send Report
Go to the Sporcle.com Mobile Site →
Comments